000 00221nam a2200085Ia 4500
008 240321s9999 xx 000 0 und d
082 _a725.23
_bOFF
245 0 _aOFFICE spaces 2: a pictorial review
260 _bImage Publishing
999 _c59766
_d59766